Retrouver les 10 tiktokeurs(euses) les plus connu(e)s? - Statistiques

Statistiques générales
  • Ce quiz a été pris 898 fois
  • Le résultat moyen est 3 sur 10
Statistiques - réponses
Hint Réponse % Correct
1 Charlie D'Amelio
93%
3 Addison Rae
58%
6 Dixie D'Amelio
56%
4 Bella Poarch
44%
5 Zach King
15%
9 Loren Gray
13%
2 Khabane Lame
11%
7 Kimberly Loaiza
9%
8 Spencer X
9%
10 Justmaiko
6%
Aucun quiz correspondant
Distribution des résultats
% des personnes avec chaque résultat
Percentile par nombre de réponses
Votre historique - résultats
Vous n’avez pas pris ce quiz